Movies Quiz

Random Movies or Actor Quiz

Jacks & Johns in the Movies Quiz Stats

Quiz Updated Mar 6, 2017

Challenge
Share
Tweet
Embed
Score 0/30 Timer 04:00
7 Plays Today
% Correct
Pirates of the Caribbean
95.5%
Die Hard
79%
Terminator 2: Judgment Day
77.1%
Titanic
73.4%
The Nightmare Before Christmas
68.4%
Patriot Games
58.7%
The Shining
53.5%
A Beautiful Mind
51.1%
National Lampoon's Animal House
50.5%
The Green Mile
45%
Se7en
43.6%
Point Break
35.3%
Kindergarten Cop
34.9%
The Breakfast Club
33.7%
Dead Poets Society
32.4%
% Correct
Jurassic Park
32.3%
Tropic Thunder
31.9%
Batman
25.1%
Dances With Wolves
24.6%
Demolition Man
22.5%
Tombstone
21.4%
Speed
17.8%
Brokeback Mountain
16.9%
Big Trouble in Little China
15.2%
Romancing the Stone
15.1%
Commando
15%
48 Hours
11.1%
Rio Bravo
7.7%
Newsies
7.4%
Cloak & Dagger
6.8%

You're not logged in!

Compare scores with friends on all Sporcle quizzes.
Sign Up with Email
OR
Log In

You Might Also Like...

Show Comments

Extras

Top Quizzes Today


Score Distribution

Your Account Isn't Verified!

In order to create a playlist on Sporcle, you need to verify the email address you used during registration. Go to your Sporcle Settings to finish the process.